000 00405nam a2200181Ia 4500
005 20250603145958.0
008 250603s9999 xx 000 0 und d
020 _a9780340927656
050 _aP 140 .T74/
245 0 _aTrask's historical linguistics
250 _a2nd ed.
260 _aLondon
260 _bHodder Arnold
260 _c2007
300 _a514 p
650 _aLondon
942 _cBK
999 _c43411
_d43411